| 000 | 01039nas a2200361 4500 | ||
|---|---|---|---|
| 001 | BR2011001159 | ||
| 003 | BR-BrBNA | ||
| 005 | 20231205114453.0 | ||
| 007 | ta | ||
| 008 | 230509b bl.|||p| |||| 00| 00por d | ||
| 040 |
_aBR-BrBNA _bpor _cBiblioteca Nacional de Agricultura |
||
| 041 | _a(Pt) | ||
| 072 | _aL40 | ||
| 100 | 1 | _aArruda, A.M.V. de | |
| 100 | 1 | _aFernandes, R.T.V. | |
| 100 | 1 | _aSilva, J.M. da | |
| 100 | 1 | _aLopes, D.C. | |
| 245 | 1 | _aAvaliação morfo-histológica da mucosa intestinal de coelhos alimentados com diferentes níveis e fontes de fibra | |
| 650 | _aCOELHO | ||
| 650 | _aMUCOSA | ||
| 650 | _aINTESTINO DELGADO | ||
| 650 | _aFIBRA | ||
| 650 | _aSOJA | ||
| 650 | _aCASCA | ||
| 650 | _aFENO | ||
| 650 | _aALFAFA | ||
| 650 | _aHISTOLOGIA ANIMAL | ||
| 650 | _aMORFOLOGIA ANIMAL | ||
| 650 | _aANÁLISE COMPARATIVA | ||
| 773 | 0 |
_tRevista Caatinga (Brazil) _xISSN 0100-316X _g(Apr-Jun 2008), v. 21(2) p. 1-11 _wBR2011001159 |
|
| 909 |
_a202311 _bLúcia _c55 _dLúcia Elande |
||
| 942 |
_2AGRIS _n0 _cANA |
||
| 999 |
_c208916 _d208916 |
||